| 000 | 01274nam a22003137a 4500 | ||
|---|---|---|---|
| 003 | DO-SdBNP | ||
| 005 | 20230515143956.0 | ||
| 007 | ta | ||
| 008 | 230515b1917 dr ||||| |||| 00| 0 spa d | ||
| 040 |
_aDO-SdBNP _bspa _cBNPHU _erda |
||
| 082 | 4 |
_bR896p _222 |
|
| 100 |
_aRubio moreno, Luis y _983381 |
||
| 245 | 0 |
_aPasajeros a indias / _cLuis Rubio y Moreno |
|
| 264 |
_aMadrid : _bCompañia Ibero-Americana, _c1917. |
||
| 300 |
_avolumen ; _c22 cm. |
||
| 336 |
_2rdacontent _atexto _btxt |
||
| 337 |
_2rdamedia _asin mediación _bn |
||
| 338 |
_2rdacarrier _avolumen _bnc |
||
| 490 | _aDocumentos inéditos para la historia de Hispano-América | ||
| 500 | _aLa biblioteca posee el volumen 1 | ||
| 500 | _aCatálogo metodológico de las informaciones y licencias de los que allí pasaron, existentes en el Archivo General de Indias. Siglo primero de la colonización de América 1492-1592. | ||
| 500 | _aTrabajo presentado en el Congreso de la asociación Española para el progreso de las ciencias, celebrado en sevilla en 1917, siendo el autor subjefe del Archivo General de Indias. | ||
| 590 | _aInventariado, 2023/BT | ||
| 700 | _959990 | ||
| 710 | 2 |
_aArchivo general de Indias, Sevilla _960096 |
|
| 830 | _960097 | ||
| 910 | _aBtavárez | ||
| 942 |
_2ddc _cLBS1 |
||
| 999 |
_c53515 _d53515 |
||